000
00324nam a22001457a 4500
008
250709b ||||| |||| 00| 0 eng d
020
_a
9789951507868
041
_a
SHQIP
080
_2
2018
_a
001
082
_a
001
100
_a
1
101
_a
GJUHE DHE LETERSI
245
_a
POLIANA
_c
ELEANOR H.PORTER
942
_2
udc
_c
BK
999
_c
60731
_d
60731